000 00306nam a2200109Ia 4500
008 171211s9999 xx 000 0 und d
245 _aMopan Maya-Spanish-English Dictionary
245 _cCharles A Hofling
260 _c2012
650 _xCULTURE
856 _uhttp://down.ebook777.com/063/9781607810292.pdf
999 _c347792
_d347792